BIBLIOTECA

Normal view MARC view
  • Kessler, Gabriel

Entry Nombre personal

Number of records used in: 1

001 - NÚMERO DE CONTROL

  • campo de control: 14388

003 - IDENTIFICADOR DEL NÚMERO DE CONTROL

  • campo de control: AR-SiUPM

005 - FECHA Y HORA DE LA ÚLTIMA TRANSACCIÓN

  • campo de control: 20251202173636.0

008 - DATOS DE LONGITUD FIJA

  • campo de control de longitud fija: 251202|| aca||aabn | a|a d

040 ## - FUENTE DE LA CATALOGACIÓN

  • Centro catalogador/agencia de origen: AR-SiUPM
  • Centro/agencia transcriptor: AR-SiUPM

100 ## - ENCABEZAMIENTO-NOMBRE DE PERSONA

  • Nombre de persona: Kessler, Gabriel
  • Fechas asociadas al nombre: Compilador

670 ## - FUENTE DE DATOS ENCONTRADOS

  • Cita de la fuente: Work cat.: (AR-SiUPM): Kessler, Gabriel Compilador, La sociedad argentina hoy :, 2016